000 00790cab a2200265 4500
001 WB3314-59
008 090401t1997 xxu||||| |||| 00| 0 eng d
035 _a(Sirsi) u77678
041 _aeng
245 _aFair rents to go up
260 _c1997
350 _a0
490 _aHousing Today
_v(27) 3 April 1997, 7(1)
520 _aThe High Court has quashed a Merseyside and Cheshire rent assessment committee decision, which will see fair rents continuing to rise towards market levels.
650 _aCHESHIRE
650 _aFAIR RENTS
650 _aMARKET RENTS
650 _aMERSEYSIDE
650 _aRENT ASSESSMENT COMMITTEE
650 _aRENT ASSESSMENT
650 _aRENT INCREASE
690 _aLANDLORD AND TENANT-RENT REVIEWS
942 _n0
948 _c09/04/1997
999 _c48827
_d48827